[Event "Budapest Noviki-C"]
[Site "Budapest"]
[Date "1990.??.??"]
[Round "5"]
[White "Petran, Pal"]
[Black "Zauner, L."]
[Result "1-0"]
[WhiteElo "2430"]
[BlackElo "2200"]

1.d4 d5 2.Nf3 Nf6 3.c4 e6 4.Nc3 c6 5.e3 Ne4 6.Bd3 Bb4 7.Qc2 f5 8.O-O Nd7
9.Ne1 Qa5 10.Bxe4 fxe4 11.Bd2 O-O 12.f3 Bxc3 13.Bxc3 Qc7 14.g3 Nb6 15.Ba5 Qe7
16.Qc3 Qf6 17.b3 Nd7 18.Bc7 Rf7 19.Rf2 Nf8 20.Bd6 Ng6 21.Rc1 Qd8 22.c5 Qg5
23.Rcc2 e5 24.fxe4 exd4 25.Qxd4 Be6 26.exd5 Qxd5 27.Qxd5 Bxd5 28.Rxf7 Kxf7
29.Rf2+ Ke6 30.Nc2 Re8 31.h4 Kd7 32.h5 Ne5 33.Rf5 Nf7 34.Rf4 Nxd6 35.cxd6 Kxd6
36.Nd4 Kd7 37.Kf2 Re7 38.Nf5 Rf7 39.g4 g6 40.hxg6 hxg6 41.Nh4 Rh7 42.Nxg6 Rh2+
43.Kg3 Rxa2 44.Rd4 Ke8 45.Nf4 Bxb3 46.Rb4 Ra3 47.Rxb7 Bc2 48.Kf2 Be4 49.g5 Ra2+
50.Kg3 Ra3 51.Nh5 Kf8 52.Nf6 Bg6 53.Kf4 Ra1 54.Nd7+ Kg8 55.Ke5 Bc2 56.Nf6+ Kf8
57.Ke6  1-0

[Event "Budapest Noviki-C"]
[Site "Budapest"]
[Date "1990.??.??"]
[Round "7"]
[White "Szilagyi, Peter"]
[Black "Volodin, Viktor"]
[Result "1-0"]
[WhiteElo "2395"]
[BlackElo "2260"]

1.c4 e6 2.Nc3 d5 3.d4 c6 4.Nf3 Nf6 5.e3 Nbd7 6.Bd3 Bd6 7.e4 dxe4 8.Nxe4 Nxe4
9.Bxe4 O-O 10.Bd2 h6 11.Bc3 Qe7 12.O-O Nf6 13.Bc2 b5 14.c5 Bc7 15.Qd3 g6
16.a4 b4 17.Bd2 Kg7 18.a5 Nd5 19.Rfe1 Qd8 20.h4 Bxa5 21.h5 Bc7 22.hxg6 f6
23.Re4 Rh8 24.Rae1 a5 25.Bb3 Bd7 26.Rxe6 Bxe6 27.Rxe6 Qd7 28.Qf5 Bd8 29.Nh4 Re8
30.Rxe8 Qxe8 31.Qh5 Ra7 32.Nf5+ Kg8 33.Nxh6+ Kf8 34.Nf5 Kg8 35.Ne3 a4 36.Bc4 Re7
37.Nxd5 Re1+ 38.Kh2 cxd5 39.Bxd5+ Re6  1-0

[Event "Budapest IM-A"]
[Site "Budapest"]
[Date "1990.??.??"]
[Round "8"]
[White "Pogorelov, Ruslan"]
[Black "Feher, Gyula"]
[Result "1-0"]
[WhiteElo "2415"]
[BlackElo "2390"]

1.Nf3 Nf6 2.c4 c6 3.d4 d5 4.Nc3 e6 5.e3 Nbd7 6.Be2 Bd6 7.O-O O-O 8.Qc2 Re8
9.b3 dxc4 10.bxc4 e5 11.Bb2 e4 12.Nd2 Qe7 13.Rae1 Nf8 14.f3 exf3 15.Bxf3 Bc7
16.Nde4 Bf5 17.Nxf6+ Qxf6 18.Qf2 Qd6 19.g3 Bg6 20.c5 Qe7 21.e4 Ne6 22.h4 h5
23.Kg2 Rad8 24.Rd1 f6 25.Na4 b5 26.Nc3 Bb8 27.Rfe1 a5 28.Nd5 Qf7 29.Nb6 Qc7
30.a4 b4 31.Nc4 Ba7 32.e5 Rf8 33.Qe2 Qd7 34.Nd6 fxe5 35.Qxe5 Rf6 36.Bxh5 Bb8
37.Bxg6 Rxg6 38.Qe4 Nf8 39.d5 Bxd6 40.cxd6 Qxd6 41.Be5 cxd5 42.Qf3 Qd7 43.h5 Re6
44.Rd4 Qf7 45.Qxf7+ Kxf7 46.Rf1+ Kg8 47.Bc7 Re2+ 48.Kf3 Rde8 49.Rxd5 Ne6
50.Bxa5 Ra2 51.Bxb4 Rxa4 52.Bd6 Rd4 53.Rxd4 Nxd4+ 54.Kg4 Re6 55.Rf8+ Kh7
56.Bf4 Re7 57.Rb8 Rf7 58.Rb4 Nf5 59.Rb6 Nh6+ 60.Kh4 Rd7 61.Rb4 Rd1 62.Rb7 Rd4
63.Kh3 Re4 64.Kg2 Ra4 65.Be5 Nf5 66.Rf7 Nxg3 67.Bxg3 Kh6 68.Kf3 Kxh5 69.Rxg7 Kh6
70.Rg8 Kh7 71.Rg5 Ra6 72.Be5 Rg6 73.Rf5 Rg1 74.Ke4 Kg6 75.Rf8 Re1+ 76.Kd5 Rb1
77.Ke6 Rb6+ 78.Bd6 Kg5 79.Rg8+ Kh5 80.Rg1 Kh4 81.Kd5 Kh5 82.Ke5 Kh6 83.Bf8+ Kh5
84.Kf5 Kh4 85.Bg7 Rb7 86.Bf6+ Kh3 87.Kf4 Rf7 88.Rg3+ Kh2 89.Rg6 Ra7 90.Be5 Ra3
91.Ke4+ Kh3 92.Bf4 Ra1 93.Kf5 Ra5+ 94.Be5 Ra8 95.Rg3+ Kh4 96.Rb3 Ra5 97.Rb8  1-0

[Event "Spring op"]
[Site "Budapest"]
[Date "1990.??.??"]
[Round "8"]
[White "Petrosian, Karen"]
[Black "Kincs, Imre"]
[Result "1/2-1/2"]
[WhiteElo "2340"]
[BlackElo "2235"]

1.Nf3 d5 2.d4 Nf6 3.c4 e6 4.Nc3 c6 5.e3 Nbd7 6.Qc2 Bd6 7.Be2 O-O 8.O-O Re8
9.b3 e5 10.dxe5 Nxe5 11.cxd5 cxd5 12.Nb5 Nxf3+ 13.Bxf3 Be5 14.Bb2 Bxb2 15.Qxb2 a6
16.Nd4 Qd6 17.Rfd1 Be6 18.Rd2 Rac8 19.Nxe6 Qxe6 20.Rad1 Red8 21.Rd4 Rd7 22.Qd2 Rcd8
23.h3 h6 24.Bg4 Nxg4 25.hxg4 Kf8 26.e4 Qxg4 27.exd5 Qf5 28.d6 Qg6 29.Qc3 Kg8
30.Qc5 Kh7 31.R1d3 Qg5 32.Rd5 Qf6 33.Qc2 Kg8 34.Qd2 Re8 35.R5d4 Re6 36.a4 Qe5
37.Re3 Qf6 38.Rxe6 Qxe6 39.b4 f5 40.a5 Kf7 41.Qc3 g5 42.Rd3 Kg6 43.Qd4 Qe1+
44.Kh2 Qe4 45.Qc3 Qf4+ 46.g3 Qxf2+ 47.Kh1 Qf1+ 48.Kh2 Qe2+ 49.Kg1 Qe6 50.Qd2 Qe5
51.Kf2 h5 52.Rd5 Qe4 53.Rd4 Qe6 54.Rd3 Qe5  1/2-1/2

[Event "Spring op"]
[Site "Budapest"]
[Date "1990.??.??"]
[Round "9"]
[White "Tseitlin, Mikhail S"]
[Black "Klebel, Martin"]
[Result "1/2-1/2"]
[WhiteElo "2465"]
[BlackElo "2335"]

1.d4 d5 2.c4 c6 3.Nc3 Nf6 4.e3 e6 5.Nf3 Nbd7 6.Bd3 dxc4 7.Bxc4 b5 8.Bd3 Bb7
9.O-O b4 10.Ne4 Be7 11.Nxf6+ Nxf6 12.e4 O-O 13.e5 Nd7 14.Qc2 h6 15.Bh7+ Kh8
16.Be4 Qc7 17.Be3 c5 18.Rfc1 Rac8 19.b3 Qb6 20.Bxb7 Qxb7 21.Qe2 cxd4 22.Bxd4 Bc5
23.Rc4 Qb5 24.Kf1 Nb6 25.Rc2 Qa5 26.Rac1 Bxd4 27.Rxc8 Rxc8 28.Rxc8+ Nxc8
29.Nxd4 Ne7 30.Nb5  1/2-1/2

[Event "Elekes mem"]
[Site "Budapest"]
[Date "1990.??.??"]
[Round "9"]
[White "Stangl, Markus"]
[Black "Lukacs, Peter"]
[Result "1/2-1/2"]
[WhiteElo "2405"]
[BlackElo "2505"]

1.c4 Nf6 2.Nf3 c6 3.d4 d5 4.Nc3 e6 5.e3 Nbd7 6.Qc2 Bd6 7.Be2 O-O 8.O-O dxc4
9.Bxc4 a6 10.a4 c5 11.dxc5 Bxc5 12.Bd2 b6 13.Ne4 Bb7 14.Nxc5  1/2-1/2

[Event "Budapest Noviki-C"]
[Site "Budapest"]
[Date "1990.??.??"]
[Round "9"]
[White "Petran, Pal"]
[Black "Volodin, Viktor"]
[Result "1-0"]
[WhiteElo "2430"]
[BlackElo "2260"]

1.d4 d5 2.c4 e6 3.Nc3 c6 4.Nf3 Nf6 5.e3 Nbd7 6.Bd3 Bd6 7.e4 dxe4 8.Nxe4 Nxe4
9.Bxe4 O-O 10.O-O h6 11.Bd2 e5 12.Bc3 f5 13.Bc2 e4 14.Ne5 Nxe5 15.dxe5 Be7
16.Qe2 Qb6 17.b4 Bxb4 18.Rab1 Bxc3 19.Rxb6 axb6 20.c5 Be6 21.Bb3 Bxb3 22.axb3 b5
23.g4 f4 24.Qxe4 Rae8 25.e6 Rf6 26.Qf3 b4 27.Rd1 Rfxe6 28.Rd7 R6e7 29.Rxe7 Rxe7
30.Qxf4 Re5 31.Qc4+ Rd5 32.h4 Kh8 33.Kg2 Rd4 34.Qe6 Rd5 35.f4 Rxc5 36.g5 hxg5
37.hxg5 Kh7 38.Qe4+ Kg8 39.g6 Kf8 40.Qe6  1-0

[Event "Budapest Herbstlich"]
[Site "Budapest"]
[Date "1990.??.??"]
[Round "12"]
[White "Gschnitzer, Oswald"]
[Black "Lukacs, Peter"]
[Result "1/2-1/2"]
[WhiteElo "2440"]
[BlackElo "2460"]

1.Nf3 Nf6 2.c4 e6 3.Nc3 d5 4.d4 c6 5.e3 Nbd7 6.Bd3 dxc4 7.Bxc4 b5 8.Bd3 Bb7
9.O-O a6 10.e4 c5 11.d5 c4 12.dxe6 fxe6 13.Bc2 Qc7 14.Qe2 Bd6 15.Ng5 Nc5
16.f4 h6 17.Nf3 Nd3 18.Bxd3 cxd3 19.Qxd3 Rd8 20.Qe2 b4 21.e5 Bc5+ 22.Kh1 Ng4
23.Nd1 Bc6 24.Nd4 Bxd4 25.Qxg4 Qf7 26.Be3 O-O 27.Rc1 Bb5 28.Rf2 Kh8 29.Qf3 Qg6
30.Rd2 Bxe3 31.Rxd8 Rxd8 32.Nxe3 Rd2 33.f5 exf5 34.Nxf5 Bc6 35.Nh4 Bxf3 36.Nxg6+ Kh7
37.Nf4 Bc6 38.Rg1 Bb5 39.b3 Rxa2 40.Re1 a5 41.e6 a4 42.bxa4 Be8 43.Rb1 Rxa4
44.Nd5 Ra5 45.Nc7 Bc6  1/2-1/2

[Event "Budapest"]
[Site "Budapest"]
[Date "1990.??.??"]
[Round "13"]
[White "Petran, Pal"]
[Black "Lukacs, Peter"]
[Result "1/2-1/2"]
[WhiteElo "2430"]
[BlackElo "2505"]

1.d4 d5 2.c4 c6 3.Nc3 Nf6 4.Nf3 e6 5.e3 Nbd7 6.Bd3 dxc4 7.Bxc4 b5 8.Bd3 Bb7
9.e4 b4 10.Na4 c5 11.e5 Nd5 12.O-O h6 13.Bd2 Rc8 14.Rc1 Be7 15.dxc5 Nxc5
16.Bb5+ Kf8 17.Qe2 g6  1/2-1/2

[Event "Cannes op"]
[Site "Cannes"]
[Date "1990.??.??"]
[Round "1"]
[White "Dorfman, Josif D"]
[Black "Falchetta, Giovanni"]
[Result "1-0"]
[WhiteElo "2595"]
[BlackElo "2250"]

1.d4 d5 2.c4 c6 3.Nf3 Nf6 4.Nc3 e6 5.e3 Nbd7 6.Be2 Bd6 7.O-O O-O 8.Qc2 dxc4
9.Bxc4 e5 10.h3 h6 11.Rd1 Qc7 12.a3 Re8 13.Ba2 a6 14.b4 a5 15.b5 exd4 16.Nxd4 c5
17.b6 Nxb6 18.Ndb5 Bh2+ 19.Kh1 Qb8 20.f4  1-0

[Event "FRA-NLD"]
[Site "Cannes"]
[Date "1990.??.??"]
[Round "5"]
[White "Miralles, Gilles"]
[Black "Van der Wiel, John TH"]
[Result "1/2-1/2"]
[WhiteElo "2460"]
[BlackElo "2550"]

1.d4 d5 2.c4 c6 3.Nc3 Nf6 4.e3 e6 5.Nf3 Nbd7 6.Bd3 dxc4 7.Bxc4 b5 8.Bd3 a6
9.e4 c5 10.e5 cxd4 11.Nxb5 axb5 12.exf6 gxf6 13.O-O Qb6 14.Be4 Bb7 15.Bxb7 Qxb7
16.Nxd4 Rg8 17.Qf3 Qxf3 18.Nxf3 Rg4 19.b3 Bc5 20.Rd1 Ne5 21.Nxe5 fxe5 22.a3 Rd4
23.Bb2 Rxd1+ 24.Rxd1 f6 25.Kf1 Bxa3 26.Ra1 b4 27.Ke2 Ke7 28.Ke3 Ra5 29.g4 f5
30.f3 Kd6 31.h4 Kc6 32.g5 Kb6 33.Bc1 Bxc1+ 34.Rxc1 Ra3 35.Rb1 Ra2 36.Rd1 Kc6
37.Rc1+ Kd7 38.Rc4 f4+ 39.Kd3 Rf2 40.Rxb4 Rxf3+ 41.Kc4 Kc6 42.Ra4 Kb6 43.Rb4+ Kc6
44.Ra4 Rh3 45.Ra6+ Kb7 46.Rxe6 Rxh4 47.Kd5 f3 48.Kxe5 Rf4 49.Re7+ Kc6 50.Rxh7 f2
51.Rh1 f1=Q 52.Rxf1 Rxf1 53.g6 Rg1 54.Kf6 Kd7 55.g7 Ke8 56.b4 Rf1+ 57.Ke6 Rg1
58.Kf6 Kd7 59.b5 Rf1+ 60.Ke5 Re1+  1/2-1/2

[Event "Cannes op"]
[Site "Cannes"]
[Date "1990.??.??"]
[Round "7"]
[White "Foisor, Ovidiu"]
[Black "Schall, Alain"]
[Result "1-0"]
[WhiteElo "2455"]
[BlackElo "2265"]

1.d4 d5 2.c4 e6 3.Nc3 c6 4.e3 Nf6 5.Nf3 Nbd7 6.Qc2 Be7 7.b3 O-O 8.Bd3 h6
9.O-O b6 10.Bb2 Bb7 11.Rad1 Rc8 12.Qe2 Bd6 13.e4 dxe4 14.Nxe4 Nxe4 15.Bxe4 Qe7
16.Bb1 Rfd8 17.Qd3 Nf8 18.Rfe1 Qc7 19.Qe4 Be7 20.Qg4 f5 21.Qh5 Bf6 22.Ne5 Kh7
23.h4 Bxe5 24.Rxe5 g6 25.Qe2 Rd7 26.h5 Rg7 27.Rxe6 Nxe6 28.Qxe6 Rf8 29.hxg6+ Rxg6
30.Bxf5 Rxf5 31.Qxf5 Bc8 32.Qd3 Qf4 33.Re1 Bf5 34.Qc3 Be4 35.g3 Qh4 36.Rxe4 Qxe4
37.d5 Qb1+ 38.Kh2 Rg8 39.Qf6 Qg6 40.Qe7+  1-0

[Event "Cannes op"]
[Site "Cannes"]
[Date "1990.??.??"]
[Round "8"]
[White "Cvitan, Ognjen"]
[Black "Velikov, Petar"]
[Result "1-0"]
[WhiteElo "2525"]
[BlackElo "2495"]

1.c4 Nf6 2.Nf3 c6 3.Nc3 d5 4.e3 e6 5.d4 a6 6.b3 Bb4 7.Bd2 Nbd7 8.Bd3 Qe7
9.O-O O-O 10.Re1 Bd6 11.cxd5 cxd5 12.e4 dxe4 13.Nxe4 Bb4 14.Rc1 Nxe4 15.Bxe4 Nf6
16.Ne5 Bxd2 17.Qxd2 Nxe4 18.Rxe4 b6 19.Re3 Bb7 20.Rec3 Rac8 21.h3 h6 22.Qf4 Rxc3
23.Rxc3 Bd5 24.Qc1 Qh4 25.Qe3 Qe7 26.Qf4 a5 27.Rg3 Kh7 28.h4 Qc7 29.Qg4 Rg8
30.h5 b5 31.Rc3 Qe7 32.Rc5 a4 33.Rxb5 axb3 34.axb3 Rc8 35.Kh2 Rc2 36.Rxd5  1-0

[Event "Cannes op"]
[Site "Cannes"]
[Date "1990.??.??"]
[Round "8"]
[White "Anic, Darko"]
[Black "Payen, Arnaud"]
[Result "1-0"]
[WhiteElo "2405"]
[BlackElo "2270"]

1.d4 d5 2.Nf3 Nf6 3.c4 c6 4.Nc3 e6 5.e3 Nbd7 6.Bd3 dxc4 7.Bxc4 b5 8.Bd3 a6
9.e4 c5 10.d5 c4 11.dxe6 fxe6 12.Bc2 Qc7 13.O-O Bc5 14.Qe2 Ne5 15.Nxe5 Qxe5
16.Kh1 O-O 17.f4 Qh5 18.Qxh5 Nxh5 19.e5 g5 20.Ne4 Be7 21.f5 exf5 22.Nxg5 Ng7
23.Be3 Ne6 24.Nxe6 Bxe6 25.Rf3 Rad8 26.Raf1 Rd5 27.Rg3+ Kh8 28.Rh3 Rf7 29.Rh6 Bc8
30.Rc6 Rf8 31.h3 a5 32.Bh6 Re8 33.Bxf5 Bxf5 34.Rxf5 Bc5 35.g4 Rd1+ 36.Kg2 Bd4
37.Re6 Rd8 38.Rd6 Re8 39.Be3 Bxe3 40.Rxd1 b4 41.Kf3  1-0

[Event "JUG-chT Cetinje"]
[Site "Cetinje"]
[Date "1990.??.??"]
[Round "1"]
[White "Tosic, Miroslav"]
[Black "Karaklajic, Nikola"]
[Result "1/2-1/2"]
[WhiteElo "2375"]
[BlackElo "2375"]

1.d4 d5 2.c4 e6 3.Nc3 c6 4.Nf3 Nf6 5.e3 Nbd7 6.Qc2 Bd6 7.Be2 O-O 8.O-O Re8
9.Rd1 Qe7 10.a3 h6 11.b4 dxc4 12.Bxc4 e5 13.Nh4 Nb6 14.Ng6 Qc7 15.dxe5 Nxc4
16.exd6 Nxd6 17.Nf4 Bf5 18.Qb3 g5 19.Nfe2  1/2-1/2

[Event "JUG-chT Cetinje"]
[Site "Cetinje"]
[Date "1990.??.??"]
[Round "3"]
[White "Ilic, Zoran"]
[Black "Cabrilo, Goran"]
[Result "1/2-1/2"]
[WhiteElo "2375"]
[BlackElo "2480"]

1.d4 Nf6 2.Nf3 d5 3.c4 c6 4.Nc3 e6 5.e3 Nbd7 6.Be2 Bd6 7.O-O O-O 8.b3 Qe7
9.Bb2 dxc4 10.bxc4 e5 11.Qb3  1/2-1/2

[Event "JUG-chT Cetinje"]
[Site "Cetinje"]
[Date "1990.??.??"]
[Round "7"]
[White "Cebalo, Miso"]
[Black "Djukic, Zeljko"]
[Result "1/2-1/2"]
[WhiteElo "2525"]
[BlackElo "2410"]

1.d4 d5 2.Nf3 Nf6 3.c4 c6 4.Nc3 e6 5.e3 Nbd7 6.Bd3 dxc4 7.Bxc4 b5 8.Be2 Bb7
9.a3 a6 10.b4 Bd6 11.e4 e5 12.dxe5 Nxe5 13.Nd4 Ng6 14.Nb3 O-O 15.Be3 Re8
16.Qc2 Qc7 17.Nc5 a5 18.Rd1 axb4 19.axb4 Bc8 20.h3 Nh4 21.Kf1 Ng6 22.Kg1 Be6
23.h4 h5 24.Bd4 Be5 25.Bxe5 Qxe5 26.g3 Ra3 27.Rc1 Ng4 28.Nxe6 Qxe6 29.Kg2 N6e5
30.Ra1 Qb3 31.Qc1 Rxa1 32.Qxa1 Qxb4 33.f3 Ne3+ 34.Kh2 Nc2 35.Rb1 Nxa1 36.Rxb4 Nc2
37.Rb2 Nd4 38.Kg2 Ra8 39.Nb1 Nxe2 40.Rxe2 Nc4 41.e5 Ra1 42.Nc3 Rc1 43.Na2 Rb1
44.Nc3 Rb3 45.Ne4 Re3 46.Ra2 Ra3 47.Rxa3 Nxa3 48.Kf2 Nc2 49.g4 hxg4 50.fxg4 Nd4
51.Ke3 Ne6 52.Nd6 b4 53.Kd3 Nc5+ 54.Kd2 Nd7 55.Nc4 g6 56.Kc2 c5 57.Kd3 Kf8
58.Ke4 b3 59.Kd3 Ke7 60.h5 gxh5 61.gxh5 Kf8 62.Kc3  1/2-1/2

[Event "Cheliabinsk-A"]
[Site "Cheliabinsk"]
[Date "1990.??.??"]
[Round "?"]
[White "Maksimovic, Branimir"]
[Black "Enhbat, P."]
[Result "1-0"]
[WhiteElo "2375"]
[BlackElo "2200"]

1.d4 Nf6 2.c4 c6 3.Nc3 d5 4.e3 e6 5.Nf3 Nbd7 6.Qc2 Be7 7.Bd3 dxc4 8.Bxc4 O-O
9.O-O b5 10.Bd3 a6 11.e4 h6 12.e5 Nd5 13.Nxd5 cxd5 14.Qe2 Qe8 15.Bf4 f5 16.exf6 Bxf6
17.Bd6  1-0

[Event "Cheliabinsk-B"]
[Site "Cheliabinsk"]
[Date "1990.??.??"]
[Round "?"]
[White "Bezgodov, Alexei"]
[Black "Kharlov, Andrei"]
[Result "1/2-1/2"]
[WhiteElo "2340"]
[BlackElo "2425"]

1.d4 d5 2.c4 c6 3.Nc3 Nf6 4.Nf3 e6 5.e3 Nbd7 6.Bd3 dxc4 7.Bxc4 b5 8.Bd3 Bb7
9.e4 b4 10.Na4 c5 11.e5 Nd5 12.O-O cxd4 13.Nxd4 Nxe5 14.Bb5+ Nd7 15.Re1 Rc8
16.Qh5 g6 17.Qe5 Qf6  1/2-1/2

[Event "Cheliabinsk-B"]
[Site "Cheliabinsk"]
[Date "1990.??.??"]
[Round "?"]
[White "Gleizerov, Evgeny"]
[Black "Bashkov, Viacheslav"]
[Result "1-0"]
[WhiteElo "2465"]
[BlackElo "2400"]

1.d4 d5 2.c4 e6 3.Nf3 Nf6 4.Nc3 c6 5.e3 Nbd7 6.Bd3 dxc4 7.Bxc4 b5 8.Be2 Bb7
9.O-O a6 10.e4 b4 11.e5 bxc3 12.exf6 cxb2 13.fxg7 Bxg7 14.Bxb2 c5 15.Rb1 O-O
16.dxc5 Bxb2 17.Rxb2 Nxc5 18.Qc1 Qf6 19.Rb4 Rac8 20.Qe3 Kh8 21.Ne5 Qe7 22.Rd1 f6
23.Nd7 Rg8 24.g3 Ba8 25.Nb6 Rb8 26.Nd5 Bxd5 27.Rxb8 Rxb8 28.Rxd5 Rb1+ 29.Bf1 Nd7
30.Qe4 Rb4 31.Rxd7  1-0

[Event "Copenhagen K41"]
[Site "Copenhagen"]
[Date "1990.??.??"]
[Round "2"]
[White "Brinck Claussen, Bjorn"]
[Black "Thorhallsson, Throstur"]
[Result "1/2-1/2"]
[WhiteElo "2395"]
[BlackElo "2405"]

1.d4 Nf6 2.c4 e6 3.Nc3 d5 4.Nf3 c6 5.e3 Nbd7 6.Bd3 dxc4 7.Bxc4 b5 8.Bd3 a6
9.e4 c5 10.e5 cxd4 11.Nxb5 axb5 12.exf6 Qb6 13.fxg7 Bxg7 14.O-O O-O 15.Qe2 Bb7
16.Bf4 Bd5 17.Ne5 Nxe5 18.Bxe5 f6 19.Qh5 f5 20.Qg5 Ra7 21.Rfc1 Kh8 22.Qf4 Bxe5
23.Qxe5+ Rg7 24.Bf1 Kg8 25.b4 f4 26.g3 fxg3 27.hxg3 d3 28.Rc5 Ba8 29.Bxd3 Qb7
30.Qxe6+ Kh8 31.Qh3 Qf3 32.Rf5 Rxf5 33.Bxf5 Rf7 34.Rc1 Rxf5 35.Rc8+ Rf8 36.Rxf8+ Qxf8
37.Qe6 Qf3 38.Qe8+ Kg7 39.Qe7+ Kg6 40.Qe6+ Kg5 41.Qe7+ Kh6 42.Qe6+ Kg7 43.Qe7+ Kg8
44.Qe8+ Kg7 45.Qe7+  1/2-1/2

[Event "Corfu schev"]
[Site "Corfu"]
[Date "1990.??.??"]
[Round "?"]
[White "Skembris, Spyridon"]
[Black "Polgar, Sofia"]
[Result "1-0"]
[WhiteElo "2470"]
[BlackElo "2410"]

1.d4 d5 2.Nf3 Nf6 3.c4 e6 4.Nc3 c6 5.e3 Nbd7 6.Bd3 dxc4 7.Bxc4 b5 8.Bd3 Bb7
9.O-O a6 10.a4 b4 11.Ne4 c5 12.Ned2 a5 13.Qe2 Qc7 14.e4 Be7 15.Re1 Rd8 16.d5 exd5
17.e5 Ng8 18.e6 fxe6 19.Qxe6 Qc6 20.Qg4 Bc8 21.Bb5 Qf6 22.Nb3 h5 23.Qg5 c4
24.Nxa5 Kf8 25.Qxd5 Nc5 26.Qxd8+ Bxd8 27.Re8+ Kf7 28.Ne5+ Qxe5 29.Rxe5  1-0

[Event "Corfu"]
[Site "Corfu"]
[Date "1990.??.??"]
[Round "?"]
[White "Grivas, Efstratios"]
[Black "Polgar, Sofia"]
[Result "0-1"]
[WhiteElo "2445"]
[BlackElo "2410"]

1.d4 d5 2.Nf3 Nf6 3.c4 e6 4.Nc3 c6 5.e3 Nbd7 6.Qc2 Bd6 7.b3 O-O 8.Be2 Qe7
9.O-O dxc4 10.bxc4 e5 11.Bb2 e4 12.Nd2 Re8 13.Rae1 Nf8 14.f3 exf3 15.Bxf3 Ng4
16.Bxg4 Bxg4 17.e4 Ne6 18.Nb3 Rad8 19.e5 Nxd4 20.Nxd4 Bc5 21.Ne4 Bxd4+ 22.Bxd4 Rxd4
23.Qf2 Rd3 24.Nd6 Rf8 25.Qxa7 Rd2 26.Ne4 Rc2 27.Qd4 Be6 28.Nd6 Rxa2 29.Re3 Ra4
30.Rg3 Kh8 31.Qd1 Rfa8 32.Rgf3 Kg8 33.h3 b6 34.Nxf7 Bxc4 35.Nd6 Bxf1 36.Rxf1 Qe6
37.Qc2 Qxe5 38.Qxc6 Qc5+ 39.Qxc5 bxc5 40.Kh2 Rd4 41.Nf5 Rd2 42.Rc1 Raa2 43.Ne3 Re2
44.Rc3 Kf7 45.Kg3 Ke6 46.Kf3 Rf2+ 47.Kg3 Kd6 48.Rd3+ Kc6 49.Rd8 Rf6  0-1

[Event "Debrecen"]
[Site "Debrecen"]
[Date "1990.??.??"]
[Round "1"]
[White "Wojtkiewicz, Aleksander"]
[Black "Chernin, Alexander"]
[Result "1/2-1/2"]
[WhiteElo "2550"]
[BlackElo "2600"]

1.Nf3 d5 2.c4 c6 3.d4 Nf6 4.Nc3 e6 5.e3 Nbd7 6.Qc2 Bd6 7.Be2 O-O 8.O-O dxc4
9.a4 c5 10.Bxc4 a6 11.dxc5 Bxc5 12.b3 b6 13.Bb2 Bb7 14.Rad1  1/2-1/2

[Event "Debrecen"]
[Site "Debrecen"]
[Date "1990.??.??"]
[Round "5"]
[White "Horvath, Jozsef"]
[Black "Novikov, Igor A"]
[Result "1/2-1/2"]
[WhiteElo "2525"]
[BlackElo "2550"]

1.d4 d5 2.c4 c6 3.Nc3 e6 4.e3 Nf6 5.Nf3 Nbd7 6.Qc2 Bd6 7.Be2 O-O 8.O-O dxc4
9.Bxc4 a6 10.a4 c5 11.dxc5 Bxc5 12.b3 b6 13.Ne4 Nxe4 14.Qxe4 Rb8 15.Bb2 Bb7
16.Qf4 Qe7 17.Rad1 Nf6 18.Ne5 Rfd8 19.Ng4  1/2-1/2

[Event "Dortmund-A"]
[Site "Dortmund"]
[Date "1990.??.??"]
[Round "?"]
[White "Bischoff, Klaus"]
[Black "Chernin, Alexander"]
[Result "1/2-1/2"]
[WhiteElo "2505"]
[BlackElo "2600"]

1.Nf3 d5 2.c4 c6 3.e3 Nf6 4.Nc3 e6 5.d4 Nbd7 6.Qc2 Bd6 7.Bd2 O-O 8.O-O-O c5
9.cxd5 exd5 10.Be1 c4 11.g4 Nb6 12.h3 Bb4 13.Bg2 Bd7  1/2-1/2

[Event "BCF-ch"]
[Site "Eastbourne"]
[Date "1990.??.??"]
[Round "?"]
[White "Buckley, Graeme"]
[Black "Knox, Victor W"]
[Result "1-0"]
[WhiteElo "2230"]
[BlackElo "2335"]

1.d4 d5 2.c4 c6 3.Nc3 Nf6 4.Nf3 e6 5.e3 Nbd7 6.Be2 Be7 7.O-O O-O 8.b3 a6
9.Bb2 b5 10.Rc1 Bb7 11.Bd3 Rc8 12.Qe2 Qb6 13.e4 bxc4 14.bxc4 dxe4 15.Nxe4 Nxe4
16.Qxe4 Nf6 17.Qe2 c5 18.d5 Rfe8 19.Rb1 Qc7 20.dxe6 Bd6 21.exf7+ Kxf7 22.Qd1 Rcd8
23.Ng5+ Kg8 24.Bxf6 gxf6 25.Nxh7 Bxh2+ 26.Kh1 Bxg2+ 27.Kxg2 Qg7+ 28.Kh1 Re5
29.Qf3 Rxd3 30.Nxf6+ Kf8 31.Rb8+ Ke7 32.Rb7+ Kf8 33.Nh7+  1-0

[Event "BCF-ch"]
[Site "Eastbourne"]
[Date "1990.??.??"]
[Round "?"]
[White "Flear, Christine"]
[Black "Muir, Andrew J"]
[Result "0-1"]
[WhiteElo "2185"]
[BlackElo "2290"]

1.d4 d5 2.c4 e6 3.Nc3 c6 4.e3 Nf6 5.Nf3 Nbd7 6.Be2 Be7 7.O-O O-O 8.Qc2 b6
9.e4 dxe4 10.Nxe4 Qc7 11.Rd1 Bb7 12.Nxf6+ Nxf6 13.Bg5 c5 14.Rac1 cxd4 15.Rxd4 e5
16.Rdd1 e4 17.Ne1 Ng4 18.Bxg4 Bxg5 19.Rb1 f5 20.Bh3 Rf6 21.Qc3 Rh6 22.Bxf5 Qxh2+
23.Kf1 Qf4 24.Rd7 Bf6 25.Be6+ Kh8 26.Qa3 e3 27.Qxe3 Qxe3 28.fxe3 Bc8 29.Bd5 Bxd7
30.Bxa8 Rh1+ 31.Ke2 h5 32.Bf3 Bf5 33.e4 Be6 34.b3 g5 35.g3 Rh2+ 36.Bg2 Bh3
37.Kf1 Bxg2+ 38.Kg1 Bxe4 39.Rd1 Rxa2 40.Rd6 Kg7 41.b4 Be5 42.Rd7+ Kf6  0-1

[Event "BCF-ch"]
[Site "Eastbourne"]
[Date "1990.??.??"]
[Round "?"]
[White "Wells, Peter K"]
[Black "Murshed, Niaz"]
[Result "1-0"]
[WhiteElo "2410"]
[BlackElo "2475"]

1.Nf3 Nf6 2.c4 c6 3.d4 d5 4.Nc3 e6 5.e3 Nbd7 6.Bd3 dxc4 7.Bxc4 b5 8.Bd3 a6
9.e4 c5 10.e5 cxd4 11.Nxb5 axb5 12.exf6 Bb7 13.fxg7 Bxg7 14.O-O O-O 15.Re1 Nc5
16.Bxh7+ Kh8 17.Ng5 f5 18.Qh5 Rf6 19.Rxe6 Bh6 20.Bg6 Kg7 21.Nf7  1-0

[Event "Eger op"]
[Site "Eger"]
[Date "1990.??.??"]
[Round "?"]
[White "Seres, Lajos"]
[Black "Kiss, Pal"]
[Result "0-1"]
[WhiteElo "2400"]
[BlackElo "2300"]

1.d4 d5 2.Nf3 Nf6 3.c4 c6 4.Nc3 e6 5.e3 Nbd7 6.Bd3 dxc4 7.Bxc4 b5 8.Bd3 a6
9.e4 c5 10.e5 cxd4 11.Nxb5 Nxe5 12.Nxe5 axb5 13.O-O Qd5 14.Qe2 Ba6 15.Bg5 h6
16.Bh4 Be7 17.f4 O-O 18.Rf3 Bb7 19.Rg3 Rfc8 20.b3 b4 21.Re1 Rc7 22.f5 Ne4
23.Bxe4 Qxe5 24.f6 Bxf6 25.Bxb7 Qxe2 26.Rxe2 d3 27.Rxd3 Bxh4 28.g3 Rxb7 29.gxh4 Rba7  0-1

[Event "Eger op"]
[Site "Eger"]
[Date "1990.??.??"]
[Round "?"]
[White "Lengyel, Levente"]
[Black "Skudnov, Sergej"]
[Result "1/2-1/2"]
[WhiteElo "2375"]
[BlackElo "2330"]

1.Nf3 d5 2.d4 Nf6 3.c4 e6 4.Nc3 c6 5.e3 Nbd7 6.Bd3 dxc4 7.Bxc4 b5 8.Bd3 Bb7
9.O-O a6 10.e4 c5 11.e5 Nd5 12.Bg5 Qb8 13.a4 b4 14.Nxd5 Bxd5 15.Qe2 Qb7 16.Rfc1 cxd4
17.Nxd4 Bc5 18.Nf3 O-O 19.Be3 Be7 20.Bd4 Rfc8 21.Rxc8+ Qxc8 22.Qe3 Qb7 23.Rc1 Rc8
24.Rxc8+ Qxc8 25.Ng5 h6 26.Ne4 Qc6 27.a5 Qa4 28.h3 Qxa5 29.Nd6 Bxd6 30.exd6 Bb7
31.Qg3 Qg5 32.Qxg5 hxg5 33.Be3 f6 34.Bd2 a5 35.Bb5 Bc8 36.Be3 Kf7 37.Kf1 Kg6
38.g4 f5 39.Ke2 Kf6 40.gxf5 exf5 41.Bd4+ Ke6 42.Bxd7+ Bxd7 43.Bxg7 Kf7 44.Bd4 f4
45.Bb6 a4 46.Bc5 b3 47.f3 Bxh3 48.Kf2 Bd7 49.Ba3 Ke6 50.Ke2 Kd5 51.Kf2 Bb5
52.Ke1 Kd4 53.Kf2 Kd3 54.Bc5 Kc4 55.Ba3 Bc6 56.Ke2 Kd4 57.Kf2 Kd3 58.Bb4 Bb5
59.Bc5  1/2-1/2

[Event "FIN-chT"]
[Site "?"]
[Date "1990.??.??"]
[Round "?"]
[White "Kanko, Ilkka"]
[Black "Nokso Koivisto, A."]
[Result "1-0"]
[WhiteElo "2290"]
[BlackElo "2380"]

1.d4 d5 2.c4 c6 3.Nf3 Nf6 4.Nc3 e6 5.e3 Be7 6.Qc2 dxc4 7.Bxc4 O-O 8.O-O Nbd7
9.e4 h6 10.Bf4 b5 11.Be2 b4 12.Na4 Bb7 13.Nc5 Nxc5 14.dxc5 Qa5 15.Rfc1 Nd7
16.Be3 e5 17.a3 bxa3 18.Rxa3 Qc7 19.Rca1 Bc8 20.Qc3 f6 21.Nh4 Kh7 22.Bh5 Nb8
23.Bg6+ Kh8 24.Qc1 Rd8 25.Bxh6 Bxc5 26.Qxc5 gxh6 27.Rg3 Qd6 28.Qc1 Qd2 29.Qxd2 Rxd2
30.Bf7 Nd7 31.Rg8+ Kh7 32.Nf5 Nb6 33.Ne7 h5 34.Bg6+ Kh6 35.Rh8+ Kg7 36.Rh7+ Kf8
37.Rf7+ Ke8 38.Nxc6 Rd6 39.h4 Bb7 40.Rxb7+ Kf8  1-0

[Event "Forli op"]
[Site "Forli"]
[Date "1990.??.??"]
[Round "8"]
[White "Barbero, Gerardo F"]
[Black "Joksic, Sinisa"]
[Result "1-0"]
[WhiteElo "2450"]
[BlackElo "2320"]

1.d4 d5 2.c4 c6 3.Nc3 Nf6 4.e3 e6 5.Nf3 Nbd7 6.Qc2 Bd6 7.Be2 dxc4 8.Bxc4 b5
9.Be2 Bb7 10.O-O O-O 11.e4 e5 12.Rd1 Qc7 13.dxe5 Nxe5 14.Nd4 Ng6 15.g3 Rfe8
16.Nf5 Be5 17.Bg5 b4 18.Bxf6 gxf6 19.Na4 Rad8 20.Bc4 Kh8 21.Nh6 Bd4 22.Nxf7+ Kg7
23.Qc1 Qxf7 24.Bxf7 Kxf7 25.Qc4+ Kg7 26.Rxd4 Ne5 27.Rxd8  1-0